ბათუმის შოთა რუსთაველის სახელმწიფო უნივერსიტეტის ბიბლიოთეკა

ჩანაწერი Personal Name

ჩანაწერთა რაოდენობა, რომელიც გამოყენებულია: 2

001 - CONTROL NUMBER

  • control field: 14537

003 - CONTROL NUMBER IDENTIFIER

  • control field: GE_BSU

005 - DATE AND TIME OF LATEST TRANSACTION

  • control field: 20220818123434.0

008 - FIXED-LENGTH DATA ELEMENTS

  • fixed length control field: 220818|| aca||aabn | a|a d

040 ## - CATALOGING SOURCE

  • Original cataloging agency: GE_BSU
  • Transcribing agency: GE_BSU

100 ## - HEADING--PERSONAL NAME

  • Personal name: ბერულავა, რევაზ

670 ## - SOURCE DATA FOUND

  • Source citation: Work cat.: (GE_BSU)34446: ბერულავა, რევაზ, ინგლისურ-რუსულ-ქართული ტექნიკური განმარტებითი ლექსიკონი = English-Russian-Georgian Dictionary of computers and information technology = Англо-русско-грузинский технический толковый словарь :